Better Than Words - One Direction (All Lyrics) - Statistics

General Stats
  • This quiz has been taken 80 times
    76 since last reset
  • The average score is 261 of 295
Answer Stats
Answers % Correct
a
100%
be
100%
Better
100%
better
100%
Crazy
100%
crazy
100%
I
100%
(I
100%
me
100%
than
100%
words
100%
Ah-ooh
98%
in
98%
love
98%
love?
98%
more
98%
on
98%
wanna
98%
You
98%
you
98%
don't
96%
feeling
96%
make
96%
one
96%
(One
96%
the
96%
to
96%
To
96%
(to
96%
baby
94%
dancing
94%
know
94%
know)
94%
Oh-oh-oh
94%
Ooh
94%
ooh
94%
your
94%
ever
92%
it
92%
enough
91%
enough)
91%
good
91%
how
91%
Cause
89%
cause
89%
ceiling
89%
deep
89%
is
89%
time
89%
time)
89%
up
89%
up)
89%
ain't
87%
Every
87%
hips
85%
lie
85%
my
85%
no
85%
(no
85%
sum
85%
we
85%
can
83%
had
83%
It's
83%
it's
83%
like
83%
like)
83%
Best
81%
explain
81%
night
81%
someone
81%
touch
81%
always
79%
Ah-ah
77%
God
77%
I'm
77%
only
77%
all
75%
knows
75%
drive
74%
shook
72%
way
70%
can't
68%
there's
66%
(there's
66%
yeah
66%
Yeah
66%
else
64%
see
62%
But
60%
Irreplaceable
60%
feels
58%
(feels
58%
try)
58%
what
57%
Everyone
55%
tries
55%
we're
49%
never
43%
(they
43%
right
40%
ooh)
34%
they'll
34%
No matching quizzes found
Score Distribution
Percent of People with Each Score
Percentile by Number Answered
Your Score History
You have not taken this quiz since the last reset